• 首页
  • 本馆介绍
  • 公告通知
  • 最新文献
  • 馆藏检索
  • 电子资源
  • 读者导购
  • 参考咨询
  • 我的图书馆
  • 登录
  • 详细信息显示
  • 放入我的书架
  • 预约/预借图书
  • 作者相关作品
  • 分类相关作品
  • 丛书相关作品
  • 出版社相关作品

书目信息

  • 表格格式
  • 工作单格式
  • 卡片格式
题名:
中西宗教文化比较
    
 
作者: 谢屏 , 沈雷燕 著
分册:  
出版信息: 北京   中国旅游出版社  2016
页数: 227页
开本: 23cm
丛书名:
单 册:
中图分类: B920
科图分类:
主题词: 宗教文化--zong jiao wen hua--对比研究--中国--西方国家
电子资源:
ISBN: 978-7-5032-5526-7
000 01021nam0 22002531 450
001 0124140052
005 20170324140052.0
010    @a978-7-5032-5526-7@dCNY48.00
100    @a20161011d2016 em y0chiy50 ea
101 0  @achi
102    @aCN@b110000
105    @ay z 000yy
106    @ar
200 1  @a中西宗教文化比较@9zhong xi zong jiao wen hua bi jiao@dA comparative study of religious culture between China and West@f谢屏,沈雷燕著@zeng
210    @a北京@c中国旅游出版社@d2016
215    @a227页@d23cm
330    @a本书运用鉴别和对比的方法,从历史到现代,以文化哲学与跨文化交际的交叉视野,阐述了东西方宗教的发展历程、价值、根源,以及天、地、人、神,从形体同构到精神同构的情况。
510 1  @aComparative study of religious culture between China and West@zeng
606 0  @a宗教文化@9zong jiao wen hua@x对比研究@y中国@x西方国家
690    @aB920@v5
701  0 @a谢屏@9xie ping@f(1955~)@4著
701  0 @a沈雷燕@9shen lei yan@c(女)@4著
801  0 @aCN@bTANGWEI@c20170308
905    @b0961235-7@dB920@e137@f3
    
    中西宗教文化比较=A comparative study of religious culture between China and West/谢屏,沈雷燕著.-北京:中国旅游出版社,2016
    227页;23cm
    
    
    ISBN 978-7-5032-5526-7:CNY48.00
    本书运用鉴别和对比的方法,从历史到现代,以文化哲学与跨文化交际的交叉视野,阐述了东西方宗教的发展历程、价值、根源,以及天、地、人、神,从形体同构到精神同构的情况。
●
相关链接 在E读中查询图书 在五车中查询图书 在当当中查询图书 在豆瓣中查询图书


正题名:中西宗教文化比较     索取号:B920/137         预约/预借

序号 登录号 条形码 馆藏地/架位号 状态 备注
1 0961235   209612356   不外借—密集书库/ [索取号:B920/137] 在馆    
2 0961236   209612365   不外借—密集书库/ [索取号:B920/137] 在馆    
3 0961237   209612374   不外借—密集书库/ [索取号:B920/137] 在馆    
唐山师范学院图书馆 欢迎您!
大连网信软件有限公司© 版权所有